| 000 | 00644nam a2200181Ia 4500 | ||
|---|---|---|---|
| 005 | 20250423095852.0 | ||
| 008 | 250422s9999 xx 000 0 und d | ||
| 020 | _a9788070175 | ||
| 050 | _aHF 1054.N6 .I58/ | ||
| 100 | _aEdited by: Engr. (Prof.) A. P. Onwualu, FAS, Dr. A. K. Abdullahi, Dr. M. L. Buga. | ||
| 245 | 0 | _aInvestment opportunities in industrial raw materials in Nigeria : value addition to selected commodities (vol. 1) | |
| 260 | _aAbuja | ||
| 260 | _bRaw Materials Research and Development Council | ||
| 260 | _c2012 | ||
| 300 | _a201 p | ||
| 650 | _a Raw materials--Nigeria. Investments--Nigeria. | ||
| 942 | _cBK | ||
| 999 |
_c31573 _d31573 |
||